[Event "Belgrade Gligoric 100 Ann op"]
[Site "Belgrade"]
[Date "2023.02.05"]
[Round "5"]
[White "Svicevic, Rastko"]
[Black "Mrsevic, Miroslav"]
[Result "1-0"]
[WhiteElo "2187"]
[BlackElo "2244"]
[PlyCount "107"]
[EventDate "2023.02.05"]
[EventType "swiss (blitz)"]
[EventRounds "11"]
[EventCountry "SRB"]
[SourceTitle "EXT 2024"]
[Source "ChessBase"]
[SourceDate "2023.10.10"]
[SourceVersion "1"]
[SourceVersionDate "2023.10.10"]
[SourceQuality "1"]

1. d4 d6 2. e4 Nf6 3. Nc3 e5 4. Nf3 Nbd7 5. Bc4 Be7 6. 0-0 0-0 7. a4 a5 8. h3 c6 9. Re1 Nb6 10. Bb3 Nfd7 11. Be3 exd4 12. Nxd4 Nc5 13. Ba2 Nbxa4 14. Nxa4 Nxa4 15. Rb1 Nc5 16. Qf3 Bf6 17. Rbd1 a4 18. Nf5 Bxf5 19. Bxc5 Be6 20. Bxe6 fxe6 21. Qg4 Bxb2 22. Qxe6+ Kh8 23. Bxd6 Qf6 24. Qxf6 Rxf6 25. e5 Re6 26. Re3 a3 27. Bxa3 Bxa3 28. Rxa3 Rae8 29. f4 g5 30. g3 h5 31. Kf2 h4 32. Re3 Rf8 33. Kf3 hxg3 34. Rd6 gxf4 35. Re4 Rxd6 36. exd6 Rd8 37. Rd4 c5 38. Rd2 Kg7 39. Kxf4 Kf6 40. Kxg3 Ke6 41. c4 Kd7 42. Kf4 Rh8 43. Kg4 Rg8+ 44. Kf4 Kc6 45. d7 Rd8 46. h4 b5 47. cxb5+ Kxb5 48. h5 Kc6 49. h6 Kc7 50. h7 Rf8+ 51. Kg5 Kd8 52. Kg6 c4 53. Kg7 c3 54. Rc2 1-0

[Event "SRB-chT2 West"]
[Site "Kragujevac"]
[Date "2017.09.09"]
[Round "3"]
[White "Danilovic, Aleksandar"]
[Black "Mrsevic, Miroslav"]
[Result "1/2-1/2"]
[WhiteElo "2411"]
[BlackElo "2256"]
[PlyCount "83"]
[EventDate "2017.09.08"]
[EventType "team-tourn"]
[EventRounds "11"]
[EventCountry "SRB"]
[SourceTitle "EXT 2022"]
[Source "ChessBase"]
[SourceDate "2021.10.06"]
[SourceVersion "1"]
[SourceVersionDate "2021.10.06"]
[SourceQuality "1"]

1. e4 d6 2. d4 Nf6 3. Nc3 e5 4. Nf3 Nbd7 5. Bc4 Be7 6. 0-0 0-0 7. a4 c6 8. a5 Nxe4 9. Bxf7+ Rxf7 10. Nxe4 h6 11. dxe5 Nxe5 12. Nxe5 dxe5 13. Qe2 Bf5 14. Rd1 Qc7 15. f3 Rd8 16. Rxd8+ Qxd8 17. Be3 a6 18. Bb6 Qd5 19. c4 Qe6 20. Ng3 Bg6 21. b3 Bb4 22. Rd1 Rd7 23. Ne4 Qe7 24. h3 Rxd1+ 25. Qxd1 Bxe4 26. fxe4 Bxa5 27. Bxa5 Qc5+ 28. Kh2 Qxa5 29. Qd6 Kh7 30. Qd7 Qb4 31. Qf5+ Kg8 32. Qe6+ Kh7 33. Qxe5 Qxb3 34. Qf5+ Kg8 35. Qe6+ Kf8 36. e5 Qb4 37. Qc8+ Kf7 38. Qf5+ Ke7 39. Qg6 Kf8 40. Qf5+ Ke7 41. Qg6 Kf8 42. Qf5+ 1/2-1/2

[Event "MNT-ch sf"]
[Site "Niksic"]
[Date "2017.02.19"]
[Round "4"]
[White "Petijevic, Vaso"]
[Black "Mrsevic, Miroslav"]
[Result "1-0"]
[WhiteElo "2277"]
[BlackElo "2247"]
[PlyCount "75"]
[EventDate "2017.02.17"]
[EventType "swiss"]
[EventRounds "7"]
[EventCountry "MNE"]
[SourceTitle "CBM 177 Extra"]
[Source "ChessBase"]
[SourceDate "2017.04.27"]
[SourceVersion "1"]
[SourceVersionDate "2017.04.27"]
[SourceQuality "1"]

1. e4 d6 2. d4 Nf6 3. Nc3 e5 4. Nf3 Nbd7 5. Bc4 Be7 6. 0-0 0-0 7. Re1 c6 8. a4 a5 9. Ba2 exd4 10. Nxd4 Nc5 11. Qf3 Qb6 12. Bg5 h6 13. Bc1 Qb4 14. Nf5 Bxf5 15. Qxf5 Rae8 16. Re3 d5 17. exd5 Bd6 18. dxc6 Rxe3 19. fxe3 bxc6 20. Bd2 Qxb2 21. Rb1 Qa3 22. Bc4 Ncd7 23. Qxa5 Bxh2+ 24. Kh1 Bb8 25. Qb4 Qxb4 26. Rxb4 Ne5 27. Be2 Ba7 28. a5 Rd8 29. Bc1 Bc5 30. Rb7 Ra8 31. a6 Neg4 32. Na4 Nf2+ 33. Kg1 N2e4 34. Nxc5 Nxc5 35. Rb6 Rc8 36. a7 Nfd7 37. Rxc6 Ra8 38. Rc7 1-0

[Event "SRB-chT2 West CS"]
[Site "Serbia"]
[Date "2016.10.07"]
[Round "8.2"]
[White "Mrsevic, Miroslav"]
[Black "Ostojic, Nikola"]
[Result "0-1"]
[WhiteElo "2278"]
[BlackElo "2423"]
[PlyCount "88"]
[EventDate "2016.09.04"]
[EventType "team-tourn"]
[EventRounds "11"]
[EventCountry "SRB"]
[SourceTitle "EXT 2018"]
[Source "ChessBase"]
[SourceDate "2017.10.13"]
[SourceVersion "1"]
[SourceVersionDate "2017.10.13"]
[SourceQuality "1"]

1. g3 c5 2. Bg2 Nc6 3. f4 g6 4. Nf3 Bg7 5. 0-0 d6 6. c3 e5 7. e4 Nge7 8. d3 0-0 9. Na3 Rb8 10. Nc2 b5 11. f5 gxf5 12. Nh4 fxe4 13. dxe4 f6 14. Ne3 Kh8 15. Nef5 Nxf5 16. exf5 Ne7 17. Be3 Bb7 18. Bxb7 Rxb7 19. Qf3 Rc7 20. g4 d5 21. Rad1 d4 22. g5 Qa8 23. Bc1 Qxf3 24. Rxf3 fxg5 25. Bxg5 Bf6 26. Bxf6+ Rxf6 27. Re1 Nc6 28. Re4 Rg7+ 29. Kf2 a5 30. Rh3 Kg8 31. Rg3 a4 32. cxd4 cxd4 33. Kf3 Rd6 34. Ke2 Kf7 35. Nf3 Rxg3 36. hxg3 Kf6 37. g4 h5 38. Nh4 hxg4 39. Rxg4 Ne7 40. Rg1 e4 41. Rg4 Ke5 42. Rg5 Rh6 43. Ng6+ Kf6 44. Rg4 Kxf5 0-1

[Event "MNT-chT"]
[Site "Niksic"]
[Date "2016.08.07"]
[Round "2.3"]
[White "Jovancevic, Jovan"]
[Black "Mrsevic, Miroslav"]
[Result "0-1"]
[WhiteElo "2025"]
[BlackElo "2255"]
[PlyCount "116"]
[EventDate "2016.08.06"]
[EventType "team-tourn"]
[EventRounds "9"]
[EventCountry "MNE"]
[SourceTitle "CBM 173 Extra"]
[Source "ChessBase"]
[SourceDate "2016.08.29"]
[SourceVersion "1"]
[SourceVersionDate "2016.08.29"]
[SourceQuality "1"]

1. d4 d6 2. Nf3 Nf6 3. c4 Nbd7 4. Nc3 e5 5. e4 Be7 6. Be2 0-0 7. 0-0 c6 8. Qc2 Re8 9. Rb1 a5 10. a3 Bf8 11. b4 axb4 12. axb4 g6 13. d5 c5 14. bxc5 Nxc5 15. Be3 b6 16. Ne1 Nfxe4 17. Nxe4 Nxe4 18. Bxb6 Qe7 19. Rb3 f5 20. Nd3 Bd7 21. Qb2 Bh6 22. f4 Ba4 23. Rb4 exf4 24. Nxf4 Nc5 25. Bxc5 dxc5 26. Rb7 Qe3+ 27. Kh1 Re5 28. Rf3 Qe4 29. Bd3 Qe1+ 30. Bf1 Bxf4 31. Rxf4 Be8 32. h3 Ra1 33. Qb6 Re7 34. Rf3 Rxb7 35. Qxb7 Qe2 36. Kg1 Qxc4 37. Qc8 Qd4+ 38. Kh1 Re1 39. Qa8 Kg7 40. Qb7+ Bf7 41. g4 Qxd5 42. Qb2+ Qd4 43. Qxd4+ cxd4 44. Kh2 Bd5 45. Rf2 Be4 46. Bb5 Kf6 47. gxf5 gxf5 48. Kg3 Ke5 49. Kh4 Re3 50. Ba6 f4 51. Kg5 Rg3+ 52. Kh4 d3 53. Bb5 Bf5 54. Rh2 Kd4 55. Ra2 h6 56. Rh2 Ke3 57. Ba4 Rg1 58. Kh5 f3 0-1

[Event "SRB-chT Cup"]
[Site "Kragujevac"]
[Date "2016.04.23"]
[Round "5.5"]
[White "Mrsevic, Miroslav"]
[Black "Mircic, Ivan"]
[Result "1-0"]
[WhiteElo "2221"]
[BlackElo "2242"]
[PlyCount "51"]
[EventDate "2016.04.20"]
[EventType "team-swiss"]
[EventRounds "7"]
[EventCountry "SRB"]
[SourceTitle "CBM 172 Extra"]
[Source "ChessBase"]
[SourceDate "2016.06.21"]
[SourceVersion "1"]
[SourceVersionDate "2016.06.21"]
[SourceQuality "1"]
[WhiteTeam "Prijepolje Priko"]
[BlackTeam "Velika Plana Morava"]
[WhiteTeamCountry "SRB"]
[BlackTeamCountry "SRB"]

1. e4 c5 2. d3 Nc6 3. g3 e6 4. Bg2 Nf6 5. Nf3 d5 6. Nbd2 Qc7 7. 0-0 Be7 8. Re1 dxe4 9. dxe4 e5 10. c3 0-0 11. Nh4 Re8 12. Nf5 Be6 13. Qf3 Bxf5 14. exf5 Rad8 15. g4 h6 16. Qg3 Rd7 17. h4 Nh7 18. Ne4 Qd8 19. g5 hxg5 20. hxg5 Rd3 21. Qg4 g6 22. Bf1 gxf5 23. Qxf5 Rd1 24. Rxd1 Qxd1 25. g6 f6 26. Qe6+ 1-0

[Event "SRB-chT Cup"]
[Site "Kragujevac"]
[Date "2016.04.21"]
[Round "2.1"]
[White "Zajic, Milan"]
[Black "Mrsevic, Miroslav"]
[Result "0-1"]
[WhiteElo "2491"]
[BlackElo "2221"]
[PlyCount "58"]
[EventDate "2016.04.20"]
[EventType "team-swiss"]
[EventRounds "7"]
[EventCountry "SRB"]
[SourceTitle "CBM 172 Extra"]
[Source "ChessBase"]
[SourceDate "2016.06.21"]
[SourceVersion "1"]
[SourceVersionDate "2016.06.21"]
[SourceQuality "1"]
[WhiteTeam "Paracin"]
[BlackTeam "Prijepolje Priko"]
[WhiteTeamCountry "SRB"]
[BlackTeamCountry "SRB"]

1. e4 g6 2. d4 Bg7 3. Nc3 d6 4. Be3 a6 5. Qd2 b5 6. f3 c6 7. Nge2 Nd7 8. g4 h5 9. gxh5 Rxh5 10. 0-0-0 b4 11. Nb1 Ra5 12. Qxb4 Rb8 13. Qe1 Rxa2 14. b3 c5 15. Nbc3 Ra1+ 16. Kb2 Rxd1 17. Qxd1 c4 18. h4 Qa5 19. h5 cxb3 20. cxb3 Nb6 21. Nf4 Na4+ 22. Nxa4 Qxa4 23. hxg6 fxg6 24. Rh7 Kf7 25. Qc2 Nf6 26. Bc4+ d5 27. Nxd5 Be6 28. Bh6 Nxh7 29. Be3 Nf6 0-1

[Event "MNT-chT1"]
[Site "Bar"]
[Date "2015.09.29"]
[Round "4"]
[White "Mrsevic, Miroslav"]
[Black "Vlatkovic, Milos"]
[Result "1-0"]
[WhiteElo "2268"]
[BlackElo "2333"]
[PlyCount "157"]
[EventDate "2015.09.26"]
[EventType "team-tourn"]
[EventRounds "9"]
[EventCountry "MNE"]
[SourceTitle "EXT 2017"]
[Source "ChessBase"]
[SourceDate "2016.10.25"]
[SourceVersion "1"]
[SourceVersionDate "2016.10.25"]
[SourceQuality "1"]

1. Nf3 Nf6 2. d3 d5 3. Nbd2 g6 4. e4 dxe4 5. dxe4 Bg7 6. Bc4 0-0 7. 0-0 c6 8. h3 Nfd7 9. a4 b6 10. Qe2 Qc7 11. c3 Bb7 12. Re1 e5 13. Nb3 Nf6 14. Bg5 Nbd7 15. Qe3 Nh5 16. g3 Ndf6 17. Nbd2 Rad8 18. Nh2 Qd7 19. Ng4 Nxg4 20. hxg4 Nf6 21. f3 Qe7 22. Re2 Bc8 23. Rh2 Be6 24. Bf1 Rfe8 25. b4 c5 26. b5 c4 27. a5 Qc7 28. axb6 axb6 29. Ra4 Rc8 30. Kh1 Nd7 31. Nxc4 Nc5 32. Rb4 Ra8 33. Rc2 Ra1 34. Rc1 Rea8 35. Qd2 Bxg4 36. fxg4 Nxe4 37. Qe1 Rxc1 38. Bxc1 Ra1 39. Qxe4 Rxc1 40. Kg2 Rxc3 41. Qc6 Qe7 42. Ra4 Bf8 43. Qe4 h5 44. Ne3 Qc5 45. Bd3 Qd6 46. Bc4 h4 47. Ra7 Be7 48. Kh3 hxg3 49. Rxe7 Qxe7 50. Qxg6+ Kf8 51. Qh6+ Ke8 52. Qc6+ Kf8 53. Nf5 g2+ 54. Kxg2 Rc2+ 55. Kf1 Qd8 56. Qh6+ Ke8 57. Qh8+ Kd7 58. Qxe5 Rc1+ 59. Kg2 Rc2+ 60. Kf3 Qa8+ 61. Bd5 Qa3+ 62. Ne3 Rd2 63. Qf5+ Kd8 64. Qf6+ Qe7 65. Qxb6+ Ke8 66. Qc6+ Kf8 67. Qc3 Rh2 68. Qc8+ Qe8 69. Qxe8+ Kxe8 70. b6 Kd7 71. Nc4 f6 72. Kf4 Rf2+ 73. Ke4 Rf1 74. Ne3 Rb1 75. b7 Kd6 76. Nf5+ Kc5 77. Ne3 Kd6 78. Kf5 Kc7 79. Be4 1-0

[Event "MNT-chT1"]
[Site "Bar"]
[Date "2015.09.27"]
[Round "2"]
[White "Mrsevic, Miroslav"]
[Black "Kosic, Dragan"]
[Result "0-1"]
[WhiteElo "2268"]
[BlackElo "2468"]
[PlyCount "96"]
[EventDate "2015.09.26"]
[EventType "team-tourn"]
[EventRounds "9"]
[EventCountry "MNE"]
[SourceTitle "EXT 2017"]
[Source "ChessBase"]
[SourceDate "2016.10.25"]
[SourceVersion "1"]
[SourceVersionDate "2016.10.25"]
[SourceQuality "1"]

1. e4 e6 2. d3 d5 3. Nd2 Nf6 4. Ngf3 Be7 5. g3 b6 6. e5 Nfd7 7. Bg2 Bb7 8. 0-0 c5 9. c4 d4 10. Re1 Nc6 11. h4 Qc7 12. Qe2 h6 13. h5 0-0-0 14. a3 a5 15. Bh3 Rdg8 16. Kh2 g6 17. Bg4 Rg7 18. Rb1 gxh5 19. Bxh5 Kb8 20. Ne4 Ba8 21. Bf4 Nf8 22. Nd6 Ng6 23. Bxg6 fxg6 24. b4 axb4 25. axb4 cxb4 26. c5 bxc5 27. Rec1 Qb6 28. Nd2 g5 29. N2c4 Qc7 30. Bd2 Rf8 31. Be1 g4 32. Ra1 Bxd6 33. Nxd6 Qb6 34. Qa2 Na7 35. Qa6 Qxa6 36. Rxa6 Bf3 37. Bd2 Rg5 38. Bxg5 hxg5 39. Nf5 exf5 40. Rb6+ Ka8 41. Rh6 b3 42. e6 Re8 43. Re1 Nc6 44. Rc1 Kb7 45. Rxc5 Kb6 46. Rc1 Bd5 47. Re1 Re7 48. Kg1 Nb4 0-1

[Event "SRB-chT 1st League"]
[Site "Kragujevac"]
[Date "2015.09.11"]
[Round "9.2"]
[White "Jovanovic, Dusan D"]
[Black "Mrsevic, Miroslav"]
[Result "1-0"]
[WhiteElo "2381"]
[BlackElo "2268"]
[PlyCount "73"]
[EventDate "2015.09.05"]
[EventType "team-tourn"]
[EventRounds "11"]
[EventCountry "SRB"]
[SourceTitle "EXT 2016"]
[Source "ChessBase"]
[SourceDate "2015.10.08"]
[SourceVersion "1"]
[SourceVersionDate "2015.10.08"]
[SourceQuality "1"]
[WhiteTeam "Ub"]
[BlackTeam "Prijepolje Priko"]
[WhiteTeamCountry "SRB"]
[BlackTeamCountry "SRB"]

1. Nf3 Nf6 2. c4 g6 3. Nc3 Bg7 4. e4 d6 5. d4 0-0 6. Be2 e5 7. 0-0 Nc6 8. d5 Ne7 9. b4 Nh5 10. Re1 a5 11. bxa5 Rxa5 12. Nd2 Nf4 13. Bf1 b6 14. a4 f5 15. g3 Nh5 16. Ra3 f4 17. Nb5 Kh8 18. Nb3 Ra8 19. Bg2 Ng8 20. Bf3 Rf7 21. Bxh5 gxh5 22. gxf4 exf4 23. N3d4 Bg4 24. f3 Qh4 25. fxg4 hxg4 26. Nf5 Rxf5 27. exf5 f3 28. Re6 Rf8 29. Be3 g3 30. hxg3 Qxg3+ 31. Kf1 Rxf5 32. Bf2 Qg2+ 33. Ke1 Nf6 34. Nd4 Ng4 35. Re8+ Bf8 36. Rxf3 Nxf2 37. Rxf8+ 1-0

[Event "SRB-chT 1st League"]
[Site "Kragujevac"]
[Date "2015.09.07"]
[Round "4.3"]
[White "Mrsevic, Miroslav"]
[Black "Dinev, Dejan"]
[Result "0-1"]
[WhiteElo "2268"]
[BlackElo "2299"]
[PlyCount "54"]
[EventDate "2015.09.05"]
[EventType "team-tourn"]
[EventRounds "11"]
[EventCountry "SRB"]
[SourceTitle "EXT 2016"]
[Source "ChessBase"]
[SourceDate "2015.10.08"]
[SourceVersion "1"]
[SourceVersionDate "2015.10.08"]
[SourceQuality "1"]
[WhiteTeam "Prijepolje Priko"]
[BlackTeam "Leskovac Glubocica"]
[WhiteTeamCountry "SRB"]
[BlackTeamCountry "SRB"]

1. e4 c5 2. d3 d6 3. g3 Nc6 4. Bg2 Nf6 5. Nc3 e6 6. f4 Be7 7. Nf3 a6 8. 0-0 Qc7 9. h3 Bd7 10. g4 h6 11. Re1 0-0-0 12. b3 d5 13. e5 Nh7 14. Ne2 g5 15. d4 f5 16. Ba3 fxg4 17. hxg4 gxf4 18. Bxc5 Bxc5 19. dxc5 Rhg8 20. Qd3 Ng5 21. Nxf4 Nxf3+ 22. Qxf3 Nxe5 23. Qc3 Nxg4 24. Rf1 Rdf8 25. Qb4 Bb5 26. Rf3 Be2 27. Rf2 Nxf2 0-1

[Event "MNT-chT 1st League"]
[Site "Podgorica"]
[Date "2014.10.12"]
[Round "9.2"]
[White "Bulatovic, Dragan"]
[Black "Mrsevic, Miroslav"]
[Result "1/2-1/2"]
[WhiteElo "2202"]
[BlackElo "2275"]
[PlyCount "143"]
[EventDate "2014.08.29"]
[EventType "team-tourn"]
[EventRounds "9"]
[EventCountry "MNE"]
[SourceTitle "EXT 2018"]
[Source "ChessBase"]
[SourceDate "2017.10.13"]
[SourceVersion "1"]
[SourceVersionDate "2017.10.13"]
[SourceQuality "1"]
[WhiteTeam "Dijagonale"]
[BlackTeam "Kotor"]
[WhiteTeamCountry "MNE"]
[BlackTeamCountry "MNE"]

1. e4 d6 2. d4 Nf6 3. Bd3 e5 4. c3 Nbd7 5. Ne2 g6 6. 0-0 Bg7 7. f4 0-0 8. Ng3 exd4 9. cxd4 c5 10. dxc5 Nxc5 11. Nc3 a6 12. f5 b5 13. a3 Bb7 14. Bc2 Re8 15. fxg6 fxg6 16. Bg5 Ne6 17. Bb3 Kh8 18. Bxe6 Rxe6 19. Qd2 Qe8 20. Bxf6 Rxf6 21. Rxf6 Bxf6 22. Qxd6 Be5 23. Qb6 Rb8 24. Qe3 Rd8 25. Nge2 Qe7 26. Rf1 Kg7 27. Rf3 Rd7 28. Rf1 Qh4 29. h3 Qd8 30. Qf3 h5 31. Nf4 Kh6 32. Ncd5 Rf7 33. Qe3 Kh7 34. Ne6 Rxf1+ 35. Kxf1 Qc8 36. Ng5+ Kg7 37. Nc3 Qc4+ 38. Qe2 Qb3 39. Qd2 Qc4+ 40. Ne2 Bc8 41. Nf3 Bf6 42. e5 Be7 43. Qc3 Be6 44. Nfd4 Qxc3 45. Nxc3 Bc4+ 46. Kf2 Bc5 47. Ke3 Bf1 48. Ne4 Bb6 49. h4 Bxg2 50. Kd3 Bf1+ 51. Kc3 Bc4 52. Ng5 Ba5+ 53. b4 Bb6 54. a4 Kf8 55. a5 Ba7 56. Nge6+ Ke8 57. Nc7+ Kd7 58. Nxa6 g5 59. hxg5 h4 60. Nc5+ Ke8 61. Nf3 h3 62. Kd4 Kf7 63. Ke4 Kg6 64. Kf4 Bd5 65. Nh2 Bxc5 66. bxc5 b4 67. Kg3 b3 68. Nf1 b2 69. Nd2 Kxg5 70. Kxh3 Kf4 71. a6 Kxe5 72. c6 1/2-1/2

[Event "MNT-chT 1st League"]
[Site "Podgorica"]
[Date "2014.10.10"]
[Round "7.2"]
[White "Ralevic, Zoran"]
[Black "Mrsevic, Miroslav"]
[Result "1-0"]
[WhiteElo "2086"]
[BlackElo "2275"]
[PlyCount "108"]
[EventDate "2014.08.29"]
[EventType "team-tourn"]
[EventRounds "9"]
[EventCountry "MNE"]
[SourceTitle "EXT 2018"]
[Source "ChessBase"]
[SourceDate "2017.10.13"]
[SourceVersion "1"]
[SourceVersionDate "2017.10.13"]
[SourceQuality "1"]
[WhiteTeam "7 Oktobar"]
[BlackTeam "Kotor"]
[WhiteTeamCountry "MNE"]
[BlackTeamCountry "MNE"]

1. d4 Nf6 2. Nf3 g6 3. c4 Bg7 4. Nc3 0-0 5. e4 d6 6. h3 e5 7. dxe5 dxe5 8. Qxd8 Rxd8 9. Bg5 Nbd7 10. 0-0-0 Rf8 11. Bd3 c6 12. Rhe1 Re8 13. Bc2 Nc5 14. Be3 Bf8 15. Re2 Nh5 16. Red2 Nf4 17. Bxf4 exf4 18. Rd8 Be6 19. Rxa8 Rxa8 20. b3 f6 21. Nd4 Bf7 22. Nce2 g5 23. Nf5 a5 24. Nc3 a4 25. Nxa4 Nxa4 26. bxa4 Bxc4 27. Bb3 Bxb3 28. axb3 b5 29. axb5 cxb5 30. Kb2 Ba3+ 31. Kb1 Rc8 32. Ka2 Ra8 33. Kb1 Rc8 34. f3 Rc3 35. Ka2 Bf8 36. Kb2 Rc7 37. Rd5 b4 38. Nd4 Kf7 39. Nb5 Rc6 40. Rd7+ Kg6 41. Nd4 Rc3 42. Nf5 h5 43. Nd4 g4 44. hxg4 hxg4 45. Ne2 gxf3 46. Nxf4+ Kh6 47. gxf3 Rxf3 48. Ne6 Rf2+ 49. Kc1 Re2 50. Nxf8 Rxe4 51. Rd6 Rf4 52. Kd2 Rf3 53. Rd3 Rf4 54. Rh3+ Kg5 1-0

[Event "MNT-chT 1st League"]
[Site "Podgorica"]
[Date "2014.09.12"]
[Round "4.2"]
[White "Miovcic, Rade"]
[Black "Mrsevic, Miroslav"]
[Result "0-1"]
[WhiteElo "2263"]
[BlackElo "2275"]
[PlyCount "116"]
[EventDate "2014.08.29"]
[EventType "team-tourn"]
[EventRounds "9"]
[EventCountry "MNE"]
[SourceTitle "EXT 2018"]
[Source "ChessBase"]
[SourceDate "2017.10.13"]
[SourceVersion "1"]
[SourceVersionDate "2017.10.13"]
[SourceQuality "1"]
[WhiteTeam "Mornar"]
[BlackTeam "Kotor"]
[WhiteTeamCountry "MNE"]
[BlackTeamCountry "MNE"]

1. e4 d6 2. d4 Nf6 3. Nc3 e5 4. dxe5 dxe5 5. Qxd8+ Kxd8 6. Bg5 Be6 7. 0-0-0+ Nbd7 8. Nd5 Kc8 9. f3 c6 10. Nc3 b5 11. Be3 Bc5 12. Bxc5 Nxc5 13. b3 a5 14. Nge2 b4 15. Nb1 a4 16. Kb2 Kc7 17. Nc1 Ra5 18. Nd2 Nfd7 19. Bc4 Nb6 20. Bxe6 fxe6 21. Nb1 Rha8 22. h4 Nb7 23. Rh3 Nd6 24. Rg3 Ne8 25. Rg5 a3+ 26. Ka1 Rc5 27. Rd2 Rd8 28. Nd3 Rb5 29. Re2 h6 30. Rg6 Rd6 31. Nd2 Kd7 32. Nc4 Nxc4 33. bxc4 Ra5 34. Re1 Rd4 35. c5 Ke7 36. Kb1 Rb5 37. h5 Rc4 38. g4 Rbxc5 39. Nxc5 Rxc5 40. Rd1 Rc3 41. Rd3 Rc5 42. g5 hxg5 43. Rxg5 Rb5 44. Kc1 Rc5 45. Kd2 Rb5 46. Kd1 Kf6 47. Rd8 Kxg5 48. Rxe8 Kxh5 49. Rxe6 Rc5 50. Kd2 g5 51. Re8 Kh4 52. Rb8 Rc3 53. Rf8 c5 54. Rf5 c4 55. Rf8 Kg3 56. Rf5 Rxf3 57. Rxe5 Rf2+ 58. Kd1 b3 0-1

[Event "MNT-chT 1st League"]
[Site "Podgorica"]
[Date "2014.08.30"]
[Round "2.2"]
[White "Darmanovic, Srdjan"]
[Black "Mrsevic, Miroslav"]
[Result "1/2-1/2"]
[WhiteElo "2264"]
[BlackElo "2275"]
[PlyCount "51"]
[EventDate "2014.08.29"]
[EventType "team-tourn"]
[EventRounds "9"]
[EventCountry "MNE"]
[SourceTitle "EXT 2018"]
[Source "ChessBase"]
[SourceDate "2017.10.13"]
[SourceVersion "1"]
[SourceVersionDate "2017.10.13"]
[SourceQuality "1"]
[WhiteTeam "Zeta"]
[BlackTeam "Kotor"]
[WhiteTeamCountry "MNE"]
[BlackTeamCountry "MNE"]

1. Nf3 d6 2. d4 Nf6 3. c4 g6 4. Nc3 Bg7 5. Bg5 h6 6. Bh4 0-0 7. e3 c5 8. Be2 Nbd7 9. 0-0 g5 10. Bg3 Nh5 11. Qc2 Nxg3 12. hxg3 Nf6 13. Rfd1 Qa5 14. a3 a6 15. b4 Qc7 16. Rac1 e6 17. bxc5 dxc5 18. d5 Rd8 19. e4 e5 20. Rb1 Ne8 21. Na4 Nd6 22. Nb6 Rb8 23. Nd2 f5 24. Nxc8 Qxc8 25. exf5 Qxf5 26. Bd3 1/2-1/2

[Event "Sarajevo Bosna op-A 44th"]
[Site "Sarajevo"]
[Date "2014.06.05"]
[Round "8"]
[White "Mrsevic, Miroslav"]
[Black "Mestrovic, Zvonimir"]
[Result "0-1"]
[WhiteElo "2273"]
[BlackElo "2301"]
[PlyCount "80"]
[EventDate "2014.05.30"]
[EventType "swiss"]
[EventRounds "9"]
[EventCountry "BIH"]
[SourceTitle "CBM 160 Extra"]
[Source "ChessBase"]
[SourceDate "2014.07.01"]
[SourceVersion "1"]
[SourceVersionDate "2014.07.01"]
[SourceQuality "1"]

1. e4 Nc6 2. d3 Nf6 3. Nf3 e5 4. g3 d5 5. exd5 Qxd5 6. Bg2 Bg4 7. Nc3 Bb4 8. 0-0 Qd7 9. a3 Bd6 10. Be3 h5 11. Qd2 Bxf3 12. Bxf3 h4 13. Qe2 0-0-0 14. Ne4 Kb8 15. c3 Be7 16. Rfd1 Nd5 17. Nc5 Bxc5 18. Bxc5 f5 19. a4 g5 20. Ra3 g4 21. Bg2 f4 22. Be4 f3 23. Qe1 Nf6 24. Rb3 Nxe4 25. Qxe4 hxg3 26. fxg3 Qh7 27. Qxh7 Rxh7 28. Be3 e4 29. Rb5 exd3 30. Rg5 Re7 31. Kf2 Rh8 32. h4 gxh3 33. Rxd3 b6 34. Rd1 Rhe8 35. Bf4 Re2+ 36. Kxf3 Rxb2 37. Rh5 Rc2 38. Rxh3 Rxc3+ 39. Kg4 Ne5+ 40. Kf5 Nd3 0-1

[Event "Sarajevo Bosna op-A 44th"]
[Site "Sarajevo"]
[Date "2014.06.01"]
[Round "4"]
[White "Mrsevic, Miroslav"]
[Black "Nestorovic, Dejan"]
[Result "0-1"]
[WhiteElo "2273"]
[BlackElo "2432"]
[PlyCount "74"]
[EventDate "2014.05.30"]
[EventType "swiss"]
[EventRounds "9"]
[EventCountry "BIH"]
[SourceTitle "CBM 160 Extra"]
[Source "ChessBase"]
[SourceDate "2014.07.01"]
[SourceVersion "1"]
[SourceVersionDate "2014.07.01"]
[SourceQuality "1"]

1. e4 c5 2. d3 e6 3. g3 Nc6 4. Bg2 Nf6 5. Nf3 d6 6. 0-0 Be7 7. Re1 0-0 8. c3 Bd7 9. a3 Rc8 10. b4 Ne5 11. bxc5 Nxf3+ 12. Bxf3 Rxc5 13. d4 Rc8 14. Bf4 d5 15. e5 Ne4 16. Qb3 Qc7 17. Bxe4 dxe4 18. d5 Qc4 19. Qxc4 Rxc4 20. d6 Bd8 21. Nd2 Rxc3 22. Nxe4 Rc4 23. Rac1 Rxc1 24. Rxc1 Bc6 25. Nc5 g5 26. Be3 Kg7 27. g4 h5 28. gxh5 Rh8 29. Rc4 Rxh5 30. Ne4 Rh4 31. f3 a6 32. Kg2 g4 33. Bf4 gxf3+ 34. Kxf3 Kg6 35. Kg3 Kf5 36. Nf6 Bxf6 37. exf6 Rg4+ 0-1

[Event "Sarajevo Bosna op-A 44th"]
[Site "Sarajevo"]
[Date "2014.06.01"]
[Round "3"]
[White "Rasidovic, Sead"]
[Black "Mrsevic, Miroslav"]
[Result "0-1"]
[WhiteElo "2338"]
[BlackElo "2273"]
[PlyCount "134"]
[EventDate "2014.05.30"]
[EventType "swiss"]
[EventRounds "9"]
[EventCountry "BIH"]
[SourceTitle "CBM 160 Extra"]
[Source "ChessBase"]
[SourceDate "2014.07.01"]
[SourceVersion "1"]
[SourceVersionDate "2014.07.01"]
[SourceQuality "1"]

1. e4 d6 2. d4 Nf6 3. Nc3 e5 4. dxe5 dxe5 5. Qxd8+ Kxd8 6. Nf3 Bd6 7. Be3 a6 8. 0-0-0 Nbd7 9. Bg5 Ke8 10. Nh4 h6 11. Bd2 Nc5 12. f3 g6 13. Be3 b6 14. g3 Kf8 15. Bc4 Kg7 16. a3 Rb8 17. b4 Ncd7 18. Rhf1 a5 19. Nb5 Be7 20. Na7 Bb7 21. Bb5 Ra8 22. Nc6 Bd6 23. Kb2 Nb8 24. Nxb8 Rhxb8 25. c3 Be7 26. Ng2 c6 27. Be2 Bc8 28. Bc4 Ne8 29. f4 axb4 30. fxe5 bxc3+ 31. Kc2 f5 32. g4 Ra4 33. exf5 Rxc4 34. f6+ Nxf6 35. exf6+ Bxf6 36. Bxh6+ Kxh6 37. Rxf6 Rxg4 38. Ne3 Re4 39. Rd3 Ba6 40. Rxc3 Rbe8 41. Rf3 Bb5 42. Rg3 c5 43. Ng4+ Kg7 44. Rce3 Bd7 45. Rxe4 Rxe4 46. Ne3 b5 47. Kc3 Be6 48. Rf3 Rh4 49. Rf2 Ra4 50. Kb2 Re4 51. Rf3 Rh4 52. Rf2 Rh3 53. Re2 g5 54. Kc1 Kf6 55. Kd2 Rh4 56. Kc3 Ra4 57. Kb2 Re4 58. Kc3 Ke5 59. Kd2 g4 60. Rf2 Rd4+ 61. Kc3 Ke4 62. Nf1 Rd3+ 63. Kc2 Rxa3 64. Ng3+ Kd5 65. Kb2 b4 66. Ne2 Kc6 67. Rf6 Ra2+ 0-1

[Event "Sarajevo Bosna op-A 44th"]
[Site "Sarajevo"]
[Date "2014.05.31"]
[Round "2"]
[White "Mrsevic, Miroslav"]
[Black "Ali Marandi, Cemil Can"]
[Result "0-1"]
[WhiteElo "2273"]
[BlackElo "2383"]
[PlyCount "80"]
[EventDate "2014.05.30"]
[EventType "swiss"]
[EventRounds "9"]
[EventCountry "BIH"]
[SourceTitle "CBM 160 Extra"]
[Source "ChessBase"]
[SourceDate "2014.07.01"]
[SourceVersion "1"]
[SourceVersionDate "2014.07.01"]
[SourceQuality "1"]

1. e4 e5 2. Nf3 Nc6 3. d3 Nf6 4. Be2 Be7 5. c3 h6 6. b4 a6 7. a3 d5 8. Qc2 Be6 9. Bb2 0-0 10. Nbd2 Bd6 11. c4 d4 12. c5 Be7 13. Nc4 Nd7 14. Bc1 b6 15. cxb6 cxb6 16. Bd2 Rc8 17. Qb1 b5 18. Nb2 a5 19. Nd1 axb4 20. axb4 Bd6 21. 0-0 Qe7 22. Ra6 Ndb8 23. Ra1 Rfe8 24. h3 Bxb4 25. Bxb4 Nxb4 26. Ra5 Bd7 27. Nxe5 Qxe5 28. Qxb4 Nc6 29. Qxb5 Nxa5 30. Qxd7 Nb3 31. f4 Qc7 32. Qg4 Nc1 33. f5 Qc2 34. Bf3 Nxd3 35. f6 g6 36. Qh4 Qd2 37. Bg4 Rc2 38. Qg3 Ne5 39. Nf2 Qe3 40. Bf3 Nd3 0-1